000 00392nam a2200169Ia 4500
008 230524s9999 xx 000 0 und d
020 _a8170293103
082 _a4
_bSTU
100 _aRussel A. Stultz
_911151
245 0 _aLearn Dos in a Day
250 _a1ST
260 _aNEW DELHI
_bBPB
_c1994
300 _aVI;170
500 _aQuantity Number: 1
650 _aComp-Sc
942 _cBK
999 _c15225
_d15225